000 00406cam a2200145ua 4500
041 _aeng
_h
082 _a664.113
_bPLE/AN
100 _aPlews, R W .
245 _aAnalytical methods used in sugar refining /
_cR W Plews.
_hTextual Documents
260 _aNew York :
_bElsevier Scientific Publishing Company ,
_c1970.
300 _a234 :
_b506 ; .
504 _a
942 _cBK
999 _c10518
_d10518